[Event "FIN-chT2 Gp1 1718"]
[Site "Finland"]
[Date "2017.12.02"]
[Round "4.1"]
[White "Paronen, Petteri"]
[Black "Eskola, Risto"]
[Result "1/2-1/2"]
[WhiteElo "2174"]
[BlackElo "2118"]
[PlyCount "37"]
[EventDate "2017.09.16"]
[EventType "team-tourn"]
[EventRounds "7"]
[EventCountry "FIN"]
[SourceTitle "EXT 2020"]
[Source "ChessBase"]
[SourceDate "2019.10.17"]
[SourceVersion "1"]
[SourceVersionDate "2019.10.17"]
[SourceQuality "1"]
[WhiteTeam "Kotka KymS II"]
[BlackTeam "Helsinki X"]
[WhiteTeamCountry "FIN"]
[BlackTeamCountry "FIN"]

1. e4 e6 2. d4 d5 3. e5 c5 4. c3 Qb6 5. Nf3 Bd7 6. dxc5 Bxc5 7. Qc2 a5 8. a4 Nc6 9. Bd3 Nge7 10. 0-0 Ng6 11. Re1 Qc7 12. Qe2 0-0 13. Na3 Bxa3 14. Rxa3 f6 15. Bxg6 hxg6 16. exf6 gxf6 17. Qd3 Kg7 18. Nh4 Ne7 19. f4 1/2-1/2

[Event "FIN-chT2 Gp3 1617"]
[Site "Finland"]
[Date "2016.12.10"]
[Round "4.1"]
[White "Eskola, Risto"]
[Black "Filen, Hannu"]
[Result "1-0"]
[WhiteElo "2106"]
[BlackElo "2040"]
[PlyCount "81"]
[EventDate "2016.09.17"]
[EventType "team-tourn"]
[EventRounds "6"]
[EventCountry "FIN"]
[SourceTitle "EXT 2019"]
[Source "ChessBase"]
[SourceDate "2018.10.10"]
[SourceVersion "1"]
[SourceVersionDate "2018.10.10"]
[SourceQuality "1"]
[WhiteTeam "Helsinki X"]
[BlackTeam "Hameenlinna"]
[WhiteTeamCountry "FIN"]
[BlackTeamCountry "FIN"]

1. e4 e5 2. d4 Nf6 3. Nc3 Nc6 4. dxe5 Nxe5 5. f4 Nc6 6. e5 Ng8 7. Nf3 Bb4 8. Bc4 Nge7 9. Ng5 d5 10. exd6 Nf5 11. Qe2+ Kf8 12. Nxf7 Qh4+ 13. Qf2 Qxf2+ 14. Kxf2 Na5 15. d7 Bxd7 16. Ne5 Bc5+ 17. Kf1 Be8 18. Bd3 Nd4 19. Nd5 Bd6 20. Be3 Ndc6 21. Nf3 Nb4 22. Nxb4 Bxb4 23. c3 Bd6 24. b4 Nc6 25. Kf2 Rd8 26. Rad1 Bh5 27. h3 Bf7 28. Ng5 Bxa2 29. b5 h6 30. Nh7+ Rxh7 31. Bxh7 Ne7 32. Be4 Bc4 33. Rd4 Bxb5 34. Bxb7 c5 35. Rd2 Nf5 36. Rhd1 g5 37. fxg5 Ba4 38. Rxd6 Nxd6 39. Rxd6 Rxd6 40. Bxc5 Ke7 41. gxh6 1-0

[Event "FIN-chT2 Gp3 1617"]
[Site "Finland"]
[Date "2016.10.09"]
[Round "3.1"]
[White "Haggren, Stig Olof"]
[Black "Eskola, Risto"]
[Result "0-1"]
[WhiteElo "2029"]
[BlackElo "2106"]
[PlyCount "50"]
[EventDate "2016.09.17"]
[EventType "team-tourn"]
[EventRounds "6"]
[EventCountry "FIN"]
[SourceTitle "EXT 2019"]
[Source "ChessBase"]
[SourceDate "2018.10.10"]
[SourceVersion "1"]
[SourceVersionDate "2018.10.10"]
[SourceQuality "1"]
[WhiteTeam "Helsinki I-HSK II"]
[BlackTeam "Helsinki X"]
[WhiteTeamCountry "FIN"]
[BlackTeamCountry "FIN"]

1. e4 e5 2. Nc3 Nf6 3. f4 d5 4. fxe5 Nxe4 5. Nf3 Bg4 6. Bd3 Nc5 7. Be2 Nc6 8. d4 Ne6 9. Be3 Bb4 10. Qd3 0-0 11. a3 Ba5 12. 0-0 Bh5 13. b4 Bb6 14. Nxd5 Qxd5 15. c4 Qd8 16. c5 Bxf3 17. Rxf3 Ncxd4 18. Rh3 Nxe2+ 19. Qxe2 Nf4 20. Bxf4 Qd4+ 21. Be3 Qxa1+ 22. Kf2 Qxe5 23. cxb6 axb6 24. Qd3 g6 25. Bd4 Qd5 0-1

[Event "FIN-chT1 West 1314"]
[Site "Finland"]
[Date "2014.02.08"]
[Round "6.3"]
[White "Eskola, Risto"]
[Black "Lehto, Antti"]
[Result "0-1"]
[WhiteElo "2127"]
[BlackElo "2162"]
[PlyCount "66"]
[EventDate "2013.09.21"]
[EventType "team-tourn"]
[EventRounds "9"]
[EventCountry "FIN"]
[SourceTitle "EXT 2022"]
[Source "ChessBase"]
[SourceDate "2021.10.06"]
[SourceVersion "1"]
[SourceVersionDate "2021.10.06"]
[SourceQuality "1"]
[WhiteTeam "Vantaa EtVaS II"]
[BlackTeam "Helsinki HSK"]
[WhiteTeamCountry "FIN"]
[BlackTeamCountry "FIN"]

1. e4 e5 2. d4 exd4 3. Qxd4 Nc6 4. Qe3 Nf6 5. Nc3 Bb4 6. Bd2 0-0 7. 0-0-0 Re8 8. Bc4 d6 9. f3 Ne5 10. Bd3 Be6 11. h4 Nc4 12. Bxc4 Bxc4 13. Qf4 Re5 14. g4 c6 15. g5 Nh5 16. Qg4 g6 17. f4 Ra5 18. b3 Ba6 19. Nh3 Qb6 20. Qf3 Rd8 21. Nf2 d5 22. Ng4 d4 23. Nb1 Rxa2 24. Bxb4 Qxb4 25. Nh6+ Kg7 26. f5 d3 27. Rh2 Qc5 28. Rdd2 Qg1+ 29. Qd1 Qe3 30. Ng4 Qf4 31. f6+ Kf8 32. Rhf2 Rxc2+ 33. Qxc2 dxc2 0-1

[Event "FIN-chT1 West 1314"]
[Site "Finland"]
[Date "2014.01.11"]
[Round "5.5"]
[White "Kahri, Antti"]
[Black "Eskola, Risto"]
[Result "1-0"]
[WhiteElo "2061"]
[BlackElo "2127"]
[PlyCount "131"]
[EventDate "2013.09.21"]
[EventType "team-tourn"]
[EventRounds "9"]
[EventCountry "FIN"]
[SourceTitle "EXT 2022"]
[Source "ChessBase"]
[SourceDate "2021.10.06"]
[SourceVersion "1"]
[SourceVersionDate "2021.10.06"]
[SourceQuality "1"]
[WhiteTeam "Vantaa Remi"]
[BlackTeam "Vantaa EtVaS II"]
[WhiteTeamCountry "FIN"]
[BlackTeamCountry "FIN"]

1. e4 e6 2. Nc3 d5 3. b3 d4 4. Nce2 c5 5. f4 Nf6 6. Ng3 h5 7. e5 Nd5 8. Nh3 Qh4 9. Bb5+ Bd7 10. Bxd7+ Nxd7 11. 0-0 g6 12. Qf3 Qd8 13. c4 dxc3 14. dxc3 Qc7 15. c4 Nb4 16. Ng5 Nc2 17. Rb1 Nd4 18. Qf2 Nb8 19. N3e4 Be7 20. Be3 Nbc6 21. Rfd1 b6 22. b4 Rd8 23. b5 Na5 24. Rbc1 0-0 25. g4 Bxg5 26. Nxg5 f6 27. exf6 Rxf6 28. Ne4 Rf7 29. g5 e5 30. Nf6+ Kg7 31. Bxd4 exd4 32. Re1 Qc8 33. Re5 Nb7 34. Rce1 Nd6 35. Qc2 Nf5 36. Qe4 Ne3 37. Re6 Nf5 38. Qe5 Qb8 39. Nxh5+ Kh7 40. Nf6+ Kg7 41. Nd7+ Qxe5 42. Nxe5 Rc7 43. Rxg6+ Kh7 44. Kf2 d3 45. Rf6 Nd6 46. Kf3 d2 47. Rd1 Nxb5 48. cxb5 c4 49. Nxc4 Rxc4 50. Rc6 Ra4 51. Rc2 Rf8 52. Rc7+ Kg6 53. Rc6+ Kg7 54. Rf6 Ra3+ 55. Ke4 Re8+ 56. Kf5 Rxa2 57. Rg6+ Kf7 58. Rd6 Rb2 59. Rd5 Kg7 60. R1xd2 Rb4 61. R2d4 Rb2 62. h4 Rf8+ 63. Kg4 Rg2+ 64. Kh3 Rf2 65. Kg3 Rf1 66. h5 1-0

[Event "FIN-chT1 West 1314"]
[Site "Finland"]
[Date "2013.11.03"]
[Round "4.3"]
[White "Puhtila, Marko"]
[Black "Eskola, Risto"]
[Result "1/2-1/2"]
[WhiteElo "2091"]
[BlackElo "2127"]
[PlyCount "43"]
[EventDate "2013.09.21"]
[EventType "team-tourn"]
[EventRounds "9"]
[EventCountry "FIN"]
[SourceTitle "EXT 2022"]
[Source "ChessBase"]
[SourceDate "2021.10.06"]
[SourceVersion "1"]
[SourceVersionDate "2021.10.06"]
[SourceQuality "1"]
[WhiteTeam "Turku AS"]
[BlackTeam "Vantaa EtVaS II"]
[WhiteTeamCountry "FIN"]
[BlackTeamCountry "FIN"]

1. e4 e6 2. d4 d5 3. Nd2 Be7 4. Ngf3 Nf6 5. e5 Nfd7 6. Bd3 c5 7. c3 Nc6 8. 0-0 Qb6 9. Qe2 cxd4 10. cxd4 Nxd4 11. Nxd4 Qxd4 12. Nf3 Qg4 13. Be3 0-0 14. Bxh7+ Kxh7 15. Ng5+ Qxg5 16. Bxg5 Bxg5 17. f4 Bd8 18. Rf3 g6 19. Qd2 Kg7 20. Rh3 f5 21. exf6+ Nxf6 22. Rc1 1/2-1/2

[Event "FIN Team Cup"]
[Site "Finland"]
[Date "2012.09.15"]
[Round "5.7"]
[White "Eskola, Risto"]
[Black "Hartio, Ilkka"]
[Result "1/2-1/2"]
[WhiteElo "2140"]
[BlackElo "2079"]
[PlyCount "72"]
[EventDate "2012.03.31"]
[EventType "team-k.o."]
[EventRounds "6"]
[EventCountry "FIN"]
[SourceTitle "EXT 2022"]
[Source "ChessBase"]
[SourceDate "2021.10.06"]
[SourceVersion "1"]
[SourceVersionDate "2021.10.06"]
[SourceQuality "1"]
[WhiteTeam "Vantaa EtVaS"]
[BlackTeam "Jyvaskyla JyS"]
[WhiteTeamCountry "FIN"]
[BlackTeamCountry "FIN"]

1. e4 d5 2. d4 dxe4 3. Nc3 c6 4. f3 e3 5. Bxe3 Nf6 6. Qd2 e6 7. f4 Bb4 8. a3 Bxc3 9. Qxc3 Nbd7 10. Nf3 Nb6 11. Bd3 Nbd5 12. Qd2 Nxe3 13. Qxe3 Nd5 14. Qd2 Bd7 15. 0-0 Qc7 16. Ng5 h6 17. Ne4 0-0-0 18. c4 Nf6 19. c5 Nxe4 20. Bxe4 f5 21. Bd3 g5 22. Bc4 Rhg8 23. Rae1 Rg6 24. Re5 Kb8 25. Rfe1 Qc8 26. Qe3 Rdg8 27. g3 gxf4 28. Qxf4 Rg4 29. Qxh6 f4 30. Bxe6 Bxe6 31. Rxe6 fxg3 32. h3 Rxd4 33. Qf6 Rgd8 34. Re8 Rd1 35. Rxd8 Rxd8 36. Re3 a6 1/2-1/2

[Event "FIN Team Cup"]
[Site "Finland"]
[Date "2012.08.11"]
[Round "4.6"]
[White "Eskola, Risto"]
[Black "Miettinen, Teemu"]
[Result "1/2-1/2"]
[WhiteElo "2140"]
[BlackElo "2012"]
[PlyCount "146"]
[EventDate "2012.03.31"]
[EventType "team-k.o."]
[EventRounds "6"]
[EventCountry "FIN"]
[SourceTitle "EXT 2022"]
[Source "ChessBase"]
[SourceDate "2021.10.06"]
[SourceVersion "1"]
[SourceVersionDate "2021.10.06"]
[SourceQuality "1"]
[WhiteTeam "Vantaa EtVaS"]
[BlackTeam "Helsinki Garde"]
[WhiteTeamCountry "FIN"]
[BlackTeamCountry "FIN"]

1. e4 e5 2. Nf3 Nc6 3. Bc4 Nf6 4. Ng5 d5 5. exd5 Na5 6. Bb5+ c6 7. dxc6 bxc6 8. Qf3 Rb8 9. Bd3 h6 10. Ne4 Nd5 11. 0-0 Bd6 12. Nxd6+ Qxd6 13. Bf5 Bb7 14. d3 c5 15. Be4 0-0 16. Na3 f5 17. Bxd5+ Bxd5 18. Qe2 f4 19. f3 Nc6 20. Nc4 Bxc4 21. dxc4 Qd4+ 22. Kh1 Na5 23. Bd2 Qxc4 24. Qxe5 Nc6 25. Qc3 Qd5 26. b3 Rbd8 27. Bc1 Qf5 28. Ba3 Rd5 29. Rad1 Rfd8 30. Bb2 Nd4 31. Rd3 Qg6 32. Qc4 Qf7 33. Rfd1 R5d6 34. Qxf7+ Kxf7 35. c3 Nb5 36. Rxd6 Nxd6 37. Ba3 Re8 38. Bxc5 Nb5 39. Bb4 Re3 40. c4 Nc3 41. Bxc3 Rxc3 42. h4 Ke6 43. Rd5 Rc2 44. Ra5 g5 45. hxg5 hxg5 46. Kh2 g4 47. fxg4 f3 48. Kg3 fxg2 49. Kh2 Kf6 50. Rxa7 Kg5 51. Rg7+ Kf6 52. Ra7 Kg5 53. a4 Kxg4 54. Rg7+ Kf3 55. Rg3+ Ke4 56. Rxg2 Rc3 57. Rb2 Kd4 58. Rd2+ Kc5 59. Rd5+ Kc6 60. a5 Rxb3 61. Kg2 Rb4 62. Rd8 Kc7 63. Rd4 Ra4 64. Kf3 Rxa5 65. Ke4 Rh5 66. Rd5 Rh4+ 67. Kd3 Kc6 68. Kc3 Rh3+ 69. Kb4 Rh1 70. Rg5 Rb1+ 71. Kc3 Rc1+ 72. Kd3 Rd1+ 73. Kc2 Rh1 1/2-1/2

[Event "Mikkeli We MikkSK 4th"]
[Site "Mikkeli"]
[Date "2008.??.??"]
[Round "1"]
[White "Hintikka, Eero"]
[Black "Eskola, Risto"]
[Result "0-1"]
[WhiteElo "2122"]
[BlackElo "2113"]
[PlyCount "40"]
[EventDate "2008.??.??"]
[EventType "swiss"]
[EventRounds "5"]
[EventCountry "FIN"]
[SourceTitle "EXT 2022"]
[Source "ChessBase"]
[SourceDate "2021.10.06"]
[SourceVersion "1"]
[SourceVersionDate "2021.10.06"]
[SourceQuality "1"]

1. e4 e6 2. d4 d5 3. Nc3 Bb4 4. a3 Bxc3+ 5. bxc3 dxe4 6. Qg4 Nf6 7. Qxg7 Rg8 8. Qh6 c5 9. Bb2 cxd4 10. 0-0-0 Ng4 11. Qxh7 Qg5+ 12. Rd2 Nxf2 13. h4 Qg3 14. Rxf2 Qxf2 15. Qxg8+ Ke7 16. Qg5+ f6 17. Qg7+ Kd6 18. Be2 Qe1+ 19. Bd1 dxc3 20. Ba1 Qd2+ 0-1

[Event "FIN-chT 0405"]
[Site "Finland"]
[Date "2005.01.15"]
[Round "6.8"]
[White "Eskola, Risto"]
[Black "Sorsa, Miitrei"]
[Result "1-0"]
[WhiteElo "2141"]
[BlackElo "2162"]
[PlyCount "61"]
[EventDate "2004.09.18"]
[EventType "team-tourn"]
[EventRounds "9"]
[EventCountry "FIN"]
[SourceTitle "EXT 2022"]
[Source "ChessBase"]
[SourceDate "2021.10.06"]
[SourceVersion "1"]
[SourceVersionDate "2021.10.06"]
[SourceQuality "1"]
[WhiteTeam "Vantaa EtVaS"]
[BlackTeam "Turku TS"]
[WhiteTeamCountry "FIN"]
[BlackTeamCountry "FIN"]

1. e4 e5 2. d4 exd4 3. Qxd4 Nc6 4. Qe3 d6 5. Nc3 Nf6 6. Qg3 Bd7 7. Bc4 Qe7 8. f3 0-0-0 9. Bg5 h6 10. Qh4 Be6 11. Bxf6 gxf6 12. Nd5 Bxd5 13. Bxd5 Nb4 14. 0-0-0 c6 15. Bb3 Rd7 16. Qf2 b5 17. Ne2 Rb7 18. Nd4 Qc7 19. Kb1 a5 20. c3 Na6 21. Nf5 a4 22. Bc2 Be7 23. Qd4 Rd8 24. Nxh6 Bf8 25. Nf5 c5 26. Qxf6 a3 27. b3 c4 28. b4 Nb8 29. Rd5 Rb6 30. Rhd1 Nd7 31. Qxf7 1-0

[Event "Helsinki ShakkiNet-B 4th"]
[Site "Helsinki"]
[Date "2002.07.03"]
[Round "10"]
[White "Eskola, Risto"]
[Black "Mavrichev, Juri"]
[Result "1-0"]
[WhiteElo "2145"]
[BlackElo "2115"]
[PlyCount "77"]
[EventDate "2002.06.24"]
[EventType "tourn"]
[EventRounds "11"]
[EventCountry "FIN"]
[SourceTitle "CBM 089 Extra"]
[Source "ChessBase"]
[SourceDate "2002.09.10"]
[SourceVersion "2"]
[SourceVersionDate "2002.09.10"]
[SourceQuality "1"]

1. e4 c5 2. Nc3 Nc6 3. g3 g6 4. Bg2 Bg7 5. d3 d6 6. Be3 Nf6 7. h3 0-0 8. Qd2 Rb8 9. f4 Ne8 10. g4 Bd7 11. Nge2 b5 12. f5 b4 13. Nd1 Ne5 14. Bh6 Bc6 15. Bxg7 Kxg7 16. Ne3 Nc7 17. Nf4 a5 18. h4 Kh8 19. h5 g5 20. Ng6+ fxg6 21. hxg6 Kg7 22. Rxh7+ Kf6 23. Rh5 Rh8 24. Nd5+ Nxd5 25. Qxg5+ Kg7 26. exd5 Bb5 27. 0-0-0 e6 28. Qf4 Qf6 29. dxe6 a4 30. g5 Rxh5 31. gxf6+ Kxf6 32. d4 cxd4 33. Qxd4 b3 34. axb3 axb3 35. Qxd6 bxc2 36. Qxb8 cxd1Q+ 37. Kxd1 Bd3 38. Qf8+ Kg5 39. g7 1-0

[Event "Helsinki ShakkiNet-B 4th"]
[Site "Helsinki"]
[Date "2002.06.26"]
[Round "3"]
[White "Karlsen, Terje"]
[Black "Eskola, Risto"]
[Result "1/2-1/2"]
[WhiteElo "2121"]
[BlackElo "2145"]
[PlyCount "33"]
[EventDate "2002.06.24"]
[EventType "tourn"]
[EventRounds "11"]
[EventCountry "FIN"]
[SourceTitle "CBM 089 Extra"]
[Source "ChessBase"]
[SourceDate "2002.09.10"]
[SourceVersion "2"]
[SourceVersionDate "2002.09.10"]
[SourceQuality "1"]

1. e4 e6 2. Nf3 d5 3. Nc3 Nf6 4. e5 Nfd7 5. d4 Be7 6. Bd3 b6 7. Ne2 c5 8. c3 Ba6 9. h4 Bxd3 10. Qxd3 Nc6 11. Ng5 cxd4 12. cxd4 Nb4 13. Qf3 Bxg5 14. Bxg5 f6 15. exf6 gxf6 16. Qb3 Nc6 17. Bd2 1/2-1/2